00495nam a2200169Ia 450000500170000000800410001702000150005808200130007310000190008624500130010526000380011830000130015650000400016994200060020995200950021599900150031020250613020110.0240331s9999 xx 000 0 und d a955553375X bAMAa306 aAmarasekera, D 0aInduwara aVarakapolabArya Publishersc2004 a388 p ., aResearch paper collection Sociology cL 001040708LaWERCLbWERCLcSSCd2024-03-31l0o 306 AMAp4932r2024-03-31w2024-03-31yL c2072d2072